000 00181 a2200097 4500
020 _a9788498455700
041 _aspa
100 _aAnonimo
245 _aLa Moto Fantasma
942 _cBK
999 _c15027
_d15027